000
00299cam a22001211 4500
050
0
0
_a
PS3509.V43
_b
B4
100
1
_a
Evans, Virginia Moran,
_d
1909-
245
1
0
_a
Bee in the wind /
260
_a
Francestown, N.H.,
_b
Golden Quill Press
_c
[1965]
300
_a
96 p.
500
_a
Poems.
942
_2
lcc
_c
GEN
999
_c
10672
_d
10672